000 00408nam a2200169Ia 4500
003 GCL
008 140319s9999 xx 000 0 eng d
040 _aGCL /
_cGCL
082 0 4 _aP
_b360
_bW R
100 1 _aTHE WORLD BANK
245 1 0 _aTHE WORLD BANK /
_cTHE WORLD BANK
260 _aنيويورك :
_bTHE WORLD BANK
300 _a258
650 0 4 _aBANKING
650 0 4 _aOBSERVATIONS
942 _2ddc
_cCR
999 _c25806
_d25806